000 01678cad a22002175a 4500
001 E147220
008 090417s2009 xxk f 000 0 eng d
035 _a(Sirsi) u147220
041 0 _aeng
050 0 4 _a331.2166 $2 18
245 0 0 _aTransparency in professional fees
_ban RICS consultation document
_h[electronic resource]
260 _a[London]
_bRICS
_c[2009]
505 2 _aPart 1 Foreword -- Part 2 Information about the consultation -- Part 3 Transparency: setting the scene -- Part 4 The key issues -- Part 5 Appendix A: consultation list
520 _aAt the end of last year RICS established a Transparency Working Group (TWG) to look at the subject of transparency in property transactions and services. As a result RICS is seeking to gather evidence on the transparency of fees charged by agents. This consultation is part of that process and will cover: declaration of insurance remuneration and commissions; service charges in leasehold property; commission on letting renewals; commission on Home Information Pack orders and Energy Performance Certificates; valuation fees; arrangement of fees for security loan valuations. In addition the TWG intends to meet with key stakeholders and, where practical, hold public select committee style meetings, where the Group can question stakeholders and examine their evidence. The deadline for responses is 10 July 2009.
521 _aAdvanced
590 _aKA
651 4 _aUnited Kingdom
_y
690 _aMANAGEMENT-BUSINESS MANAGEMENT-FEES
856 4 0 _uhttps://www.rics.org/Global/Downloads/transparency-project-consultation-document.pdf
_zView the consultation free of charge at www.rics.org...
942 _n0
999 _c109483
_d109483